000 00663nam a2200229 i 4500
001 bg
100 1 _aWOŁEK, Stanisław
245 1 0 _aWstęp do informatyki /
_cStanisław Wołek.
260 _aRzeszów :
_bOficyna Wydawnicza Politechniki Rzeszowskiej,
_c2000.
300 _a208, [2] s. :
_bil. ;
_c24 cm.
504 _aBibliogr.
521 _aSkrypt uczelniany dla studentów Wydz. Zarządzania i Marketingu.
650 9 _aInformatyka
655 _aPodręczniki akademickie
020 _a8371991304
040 _cBPK
041 0 _apl
080 _a004(075.8)
920 _a83-7199-130-4
942 _cKS
008 s pl f |000 0 pol
999 _c39639
_d39639
856 _uhttp://koha.tu.koszalin.pl/cgi-bin/koha/opac-detail.pl?biblionumber=39639
_yKatalog online BPK